000 00321nam a22001337a 4500
008 170412b xxu||||| |||| 00| 0 eng d
020 _a9780871318299
041 _aeng
080 _a618
100 _a10
101 _aSHM
245 _aTHE CRITICAL FACTOR FOR ENERGY HEALTH SEXUALITY
_cSHIPPEN.E
942 _2udc
_cBK
999 _c10537
_d10537